000 00747nam1a2200265 4500
001 RU\NLR\BIBL_A\012514996
005 20260628185035.0
010 _95000
035 _a(NLR Aleph) 012514996
090 _a13740629
_c13740629
100 _a20210511d19871989m y0rusy50 ca
101 0 _achv
102 _aRU
105 _ay z 000 y
200 1 _aТивěç
_eроман
_fИван Лисаев
210 _aШупашкар
_cЧǎваш кěнеке изв-ви
_d1987
215 _d21
225 1 _aПроза 87
541 1 _aДолг
_eроман
_zrus
686 1 _aШ6(2=Чув.)7-4
700 1 _aЛисаев
_bИ. И.
_gИван Иванович
_4070
852 _aNLR
_bОНЛ
_jЧув./3-3355
942 _cBOOK
980 _aNB